LEADER 01172nas 2200385-a 450 001 9910136962103321 005 20200704130324.2 035 $a(CKB)110978984077819 035 $a(CONSER)---90656256- 035 $a(EXLCZ)99110978984077819 100 $a20790727b19512008 --- a 101 0 $aeng 181 $ctxt$2rdacontent 182 $cc$2rdamedia 183 $acr$2rdacarrier 200 10$aFilm review$b[electronic resource] 210 $aLondon $cOrpheus Pub 215 $a1 online resource 300 $aPublisher varies. 311 08$aPrint version: Film review (London, England : monthly) 0957-1809 (DLC) 90656256 (OCoLC)5215241 517 1 $aFilm review now incorporating Films and filming 606 $aMotion pictures$vPeriodicals 606 $aMotion pictures$2fast$3(OCoLC)fst01027285 606 $aFilmkunst$2gtt 608 $aElectronic journals. 608 $aPeriodicals.$2fast 615 0$aMotion pictures 615 7$aMotion pictures. 615 17$aFilmkunst. 676 $a791.43/05 906 $aJOURNAL 912 $a9910136962103321 920 $aexl_impl conversion 996 $aFilm review$92447934 997 $aUNINA LEADER 01227nam a2200289 i 4500 001 991003435149707536 005 20020509122109.0 008 980514s1930 uk ||| | eng 035 $ab11161280-39ule_inst 035 $aPARLA181873$9ExL 040 $aDip. di Filol. Class. e di Scienze Filosofiche$bita 041 0 $aenggrc 082 0 $a882.01 100 0 $aAristophanes$0602827 245 14$aThe knights of Aristophanes :$bthe greek text revised with a translation into corresponding metres, introduction and commentary /$cby Benjamin Bickley Rogers 260 $aLondon :$bG. Bell and sons,$c1930 300 $axlix, 247 p. ;$c23 cm. 650 4$aAristofane - Equites$xCommenti 650 4$aAristofane - Equites$xEdizione critica 650 4$aAristofane - Equites$xStudio metrico 700 1 $aRogers, Benjamin Bickley$eauthor$4http://id.loc.gov/vocabulary/relators/aut$0190381 907 $a.b11161280$b08-07-16$c28-06-02 912 $a991003435149707536 945 $aLE007 880.1 Aristophanes 1930-02$g1$i2007000036594$lle007$o-$pE0.00$q-$rl$s- $t0$u1$v0$w1$x0$y.i11304777$z28-06-02 996 $aKnights of Aristophanes$93369955 997 $aUNISALENTO 998 $ale007$b01-01-98$cm$da $e-$feng$guk $h4$i1